Szczegóły MARC21

Prawo dla ekonomistów /

003 -Nazwa inst., której nr kontr. jest w polu 001 [,]
    • @
    • Nazwa instytucji, której n kontrolny jest w polu 001
    • NUKAT
005 -DATA I CZAS OSTATNIEJ MODYFIKACJI [,]
    • @
    • pole kontrolne
    • 20241231112639.0
020 -Międzynarod. znormalizowany nr książki - ISBN [ , ]
    • a
    • Numer ISBN
    • 8387161446 Find
040 -Instytucja sporządzająca opis [ , ]
    • a
    • Instytucja, która sporządziła opis (NP)
    • WA U/JL
    • c
    • Instytucja, która sporządziła rekord (NP)
    • WA U/JL
    • d
    • Instytucja, która zmodyfikowała rekord (P)
    • WA U/EBA
942 -Rodzaj dokumentu [ , ]
    • c
    • Rodzaj dokumentu
    • Książka
100 -Hasło główne - nazwa osobowa [1, ]
    • a
    • Nazwa osobowa (NP)
    • Górski, Władysław
    • d
    • Daty biograficzne (NP)
    • (1917-2015).
    • 9
    • KHW
    • 38282
245 -Strefa tytułu i oznaczenia odpowiedzialności [1,0]
    • a
    • Tytuł
    • Prawo dla ekonomistów / Find
    • c
    • Pozostałe elementy strefy tytułu i oznaczenia odpowiedzialności (NP)
    • Władysław Górski, Krzysztof Wesołowski.
250 -Strefa wydania [ , ]
    • a
    • Oznaczenie wydania (NP)
    • Wyd. 2 przejrz. i zaktual., stan prawny na dzień 1 września 2000 r.
260 -Strefa adresu wydawniczego [ , ]
    • a
    • Miejsce wydania (P)
    • Zielona Góra :
    • b
    • Nazwa wydawcy (P)
    • Zachodnie Centrum Organizacji,
    • c
    • Data wydania (P)
    • 2000.
300 -Strefa opisu fizycznego [ , ]
    • a
    • Określenie formy książki i/lub objętość (NP)
    • 336 s. ;
    • c
    • Format (NP)
    • 21 cm.
336 -Typ zawartości [ , ]
    • a
    • Termin opisujący typ zawartości
    • Tekst
    • b
    • Kod określający zawartość
    • txt
    • 2
    • Źródło (terminu i kodu)
    • rdacontent
337 -Typ mediów [ , ]
    • a
    • Tryb odtwarzania
    • Bez urządzenia pośredniczącego
    • b
    • Kod typu mediów
    • n
    • 2
    • Źródło (terminu i kodu)
    • rdamedia
338 -Typ/rodzaj nośnika [ , ]
    • a
    • Hasło opisujące typ nośnika
    • Wolumin
    • b
    • Kod typu nośnika
    • nc
    • 2
    • Źródło (terminu i kodu)
    • rdacarrier
080 -Uniwersalna Klasyfikacja Dziesiętna [ , ]
    • a
    • Symbol klasyfikacji
    • 34
    • 2
    • Identyfikator wydania tablic
    • UDC-P058
    • 9
    • UKD
    • 3345
    • b
    • Dopowiedzenie
    • Nauki prawne. Prawo.
    • 4
    • UKD2
    • 7665
    • x
    • Poddział wspólny
    • (075.8)
    • c
    • Dopowiedzenie poddz. wspólnego
    • (Podręczniki dla szkół wyższych. Skrypty).
650 -Hasło przedmiotowe [ ,7]
    • a
    • Hasło przedmiotowe
    • Prawo
    • z
    • Określnik geograficzny
    • Polska
    • v
    • Określnik formalny
    • podręczniki akademickie.
    • 2
    • Źródło terminu
    • kaba
    • 9
    • KHW
    • 360315
980 -Symbol UKD [ , ]
    • a
    • UKD
    • 34(075.8)
700 -Hasło dodatkowe - nazwa osobowa [1, ]
    • a
    • Nazwa osobowa (NP)
    • Wesołowski, Krzysztof Find
    • c
    • Dopowiedzenie inne niż daty biograficzne (NP)
    • (prawnik).
    • 9
    • KHW
    • 12873
920 -ISBN [ , ]
    • a
    • ISBN
    • 83-87161-44-6 Find
Lokalizacja Data inwentaryzacji Status udost. Numer inwentarzowy Sygnatura
BE2002-03-11-2E.68194 
BE2002-03-11-3S.89272 
BE2002-03-11-3S.89273 
BE2002-03-11-3S.89274 
T2002-10-28-6TM.330TM.330
T2002-10-28-6TM.331TM.331
T2002-10-28-3TM.332TM.332
T2002-10-28-3TM.333TM.333
T2002-10-28-6TM.334TM.334
T2006-06-29-6TM.4287TM.4287
T2008-03-17-6TM.5455TM.5455
T2000-11-28-6T.3433T.3433
T2000-11-28-6T.3434T.3434
T2000-11-28-6T.3435T.3435
T2000-11-28-3T.3436T.3436
T2000-11-28-6T.3437 
T2000-11-28-6T.3438T.3438
T2000-11-28-6T.3439T.3439
T2000-11-28-6T.3441 
T2000-11-28-3T.3442T.3442
T2001-03-09-6T.4325T.4325
T2001-03-09-6T.4326T.4326
T2001-03-09-6T.4327T.4327
T2001-03-09-6T.4328T.4328
T2001-03-09-2T.4329T.4329
T2001-03-29-6T.5026T.5026
T2001-03-29-6T.5027T.5027
T2001-03-29-6T.5028T.5028
T2001-03-29-6T.5029T.5029
T2001-03-29-6T.5030 
T2002-03-11-6T.6637T.6637
T2006-02-07-3TM.3811TM.3811
T2006-02-07-3TM.3812TM.3812
T2007-08-27-3TM.4762TM.4762
T2000-11-282T.3440